Statistics for Hitman: World of Assassination - Targets Click Quiz

Click here to take the quiz!

General Stats

  • This quiz has been taken 52 times
  • The average score is 30 of 44

Answer Stats

HintAnswer% Correct
Viktor NovikovParis
81%
Maya ParvatiColorado
77%
Ezra BergColorado
77%
Rico DelgadoSanta Fortuna
77%
ICA AgentsBerlin
74%
Yuki YamazakiHokkaido
74%
Zoe WashingtonIsle of Sgail
74%
Sierra KnoxMiami
74%
Dalia MargolisParis
74%
Nolan CassidyWhittleton Creek
74%
Jordan CrossBangkok
71%
HushChongqing
71%
Alexa CarlisleDartmoor
71%
Carl IngramDubai
71%
Jasper KnightICA Facility
71%
Francesca De SantisSapienza
71%
JanusWhittleton Creek
71%
Imogen RoyceChongqing
68%
Penelope GravesColorado
68%
Sean RoseColorado
68%
Erich SodersHokkaido
68%
Kalvin RitterICA Facility
68%
Reza ZaydanMarrakesh
68%
Robert KnoxMiami
68%
Vanya ShahMumbai
68%
Wazir KaleMumbai
68%
Dawood RanganMumbai
68%
Athena SaavalasNew York
68%
Andrea MartinezSanta Fortuna
68%
Ken MorganBangkok
65%
Arthur EdwardsCarpathian Mountains
65%
Marcus StuyvesantDubai
65%
Sophia WashingtonIsle of Sgail
65%
Claus Hugo StrandbergMarrakesh
65%
Ljudmila VetrovaHaven Island
61%
Alma ReynardHawke's Bay
61%
Jorge FrancoSanta Fortuna
61%
Silvio CarusoSapienza
61%
Tyson WilliamsHaven Island
58%
Noel CrestAmbrose Island
55%
Tamara VidalMendoza
55%
Sinhi "Akka" VenthanAmbrose Island
52%
Stephen BradleyHaven Island
52%
Don YatesMendoza
52%

Score Distribution

Percentile by Number Answered

Percent of People with Each Score

Your Score History

You have not taken this quiz